Entry Personal Name
001 - CONTROL NUMBER
- control field: 2643
003 - CONTROL NUMBER IDENTIFIER
- control field: AM-YEHGA
005 - DATE AND TIME OF LATEST TRANSACTION
- control field: 20250617070437.0
008 - FIXED-LENGTH DATA ELEMENTS
- fixed length control field: 060223 a|ac|n|aab||||||||||||a |n|||||||
040 ## - CATALOGING SOURCE
- Original cataloging agency: AM-YEHGA
100 1# - HEADING--PERSONAL NAME
- Personal name: Հուրունց, Լեոնիդ Կարախանի,
- Dates associated with a name: 1913-1982
400 1# - SEE FROM TRACING--PERSONAL NAME
- Personal name: Հուրունց, Լևոն Կարախանի,
- Dates associated with a name: 1913-1982
400 1# - SEE FROM TRACING--PERSONAL NAME
- Personal name: Հուրունց, Լևոն,
- Dates associated with a name: 1913-1982
400 1# - SEE FROM TRACING--PERSONAL NAME
- Personal name: Հուրունց, Լեոնիդ,
- Dates associated with a name: 1913-1982
400 1# - SEE FROM TRACING--PERSONAL NAME
- Personal name: Հուրունց, Լ.Կ.
- Fuller form of name: (Լեոնիդ Կարախանի),
- Dates associated with a name: 1913-1982
400 1# - SEE FROM TRACING--PERSONAL NAME
- Personal name: Հուրունց, Լ.Կ.
- Fuller form of name: (Լևոն Կարախանի),
- Dates associated with a name: 1913-1982
400 1# - SEE FROM TRACING--PERSONAL NAME
- Personal name: Հուրունց, Լ.
- Fuller form of name: (Լեոնիդ),
- Dates associated with a name: 1913-1982
400 1# - SEE FROM TRACING--PERSONAL NAME
- Personal name: Հուրունց, Լ.
- Fuller form of name: (Լևոն),
- Dates associated with a name: 1913-1982
400 1# - SEE FROM TRACING--PERSONAL NAME
- Control subfield: a
- Personal name: Ավանեսով, Լեոնիդ Կարախանի,
- Dates associated with a name: 1913-1982
400 1# - SEE FROM TRACING--PERSONAL NAME
- Personal name: Гурунц, Леонид Караханович,
- Dates associated with a name: 1913-1982
400 1# - SEE FROM TRACING--PERSONAL NAME
- Personal name: Гурунц, Леонид К.
- Fuller form of name: (Караханович),
- Dates associated with a name: 1913-1982
400 1# - SEE FROM TRACING--PERSONAL NAME
- Personal name: Гурунц, Левон Караханович,
- Dates associated with a name: 1913-1982
400 1# - SEE FROM TRACING--PERSONAL NAME
- Personal name: Гурунц, Леонид,
- Dates associated with a name: 1913-1982
400 1# - SEE FROM TRACING--PERSONAL NAME
- Personal name: Гурунц, Л.К.
- Fuller form of name: (Леонид Караханович),
- Dates associated with a name: 1913-1982
400 1# - SEE FROM TRACING--PERSONAL NAME
- Personal name: Гурунц, Л.
- Fuller form of name: (Леонид),
- Dates associated with a name: 1913-1982
400 1# - SEE FROM TRACING--PERSONAL NAME
- Personal name: Hurunts, Leonid Karakhani,
- Dates associated with a name: 1913-1982
670 ## - SOURCE DATA FOUND
- Source citation: Խաչատրյան Հ.Հ. Գրական տեղեկատու, 1986 :
- Information found: էջ 328 (Լեոնիդ Հուրունց (Լեոնիդ Կարախանի Ավանեսով) (7.1.1913, գև Նոր շեն (այժմ՝ԼՂԻՄ Մարտունու շրջ-ում) - 21.11.1982, Երևան), արձակագիր, ՍՍՀՄ գրող. միութ. անդամ 1939-ից)
670 ## - SOURCE DATA FOUND
- Source citation: Ինչպես հասցնեմ ճիչս սերունդներին, 2004 :
- Information found: տիտղթ. (Լ. Հուրունց)
670 ## - SOURCE DATA FOUND
- Source citation: Հայրեր, 1970 :
- Information found: տիտղթ. (Հուրունց Լևոն Կարախանի)
670 ## - SOURCE DATA FOUND
- Source citation: Пшатовое дерево, 1956 :
- Information found: т.л. (Л. Гурунц); конц. (Гурунц Левон Караханович)
670 ## - SOURCE DATA FOUND
- Source citation: С крыши моего села, 1976 :
- Information found: т.л. (Л. Гурунц); конц. (Гурунц Леонид Караханович)
670 ## - SOURCE DATA FOUND
- Source citation: Мир вам, люди, 1952 :
- Information found: т.л. (Гурунц Леонид)
ՀՀ Գիտությունների ազգային ակադեմիայի հիմնարար գիտական գրադարան = Fundamental Scientific Library of NAS RA
All site content, except where otherwise noted, is licensed under a